Analýza podniku Librad bau s.r.o bakalárska práca

Enregistré dans:
Détails bibliographiques
Auteur principal: Mikle, Dušan
Collectivité auteur: Obchodná fakulta EU. Katedra služieb a cestovného ruchu - zrušené
Autres auteurs: Strážovská, Helena
Format: Livre
Langue:slovaque
Publié: Bratislava 2015
Tags: Ajouter un tag
Pas de tags, Soyez le premier à ajouter un tag!

MARC

LEADER 00000nbm a2200000 4500
001 0206534
005 20161212110843.0
041 0 |a slo 
044 |a SK 
245 1 0 |a Analýza podniku Librad bau s.r.o  |b bakalárska práca  |c Dušan Mikle ; školiteľ: Helena Strážovská 
264 1 |a Bratislava  |c 2015 
300 |a 47 s. 
100 1 |a Mikle, Dušan 
700 1 |a Strážovská, Helena 
710 2 |a Obchodná fakulta EU. Katedra služieb a cestovného ruchu - zrušené